ბათუმის შოთა რუსთაველის სახელმწიფო უნივერსიტეტის ბიბლიოთეკა

საქართველოს რესპუბლიკის სახელმწიფოსა და სამართლის საფუძვლები : (ბიბ.ჩანაწერი № 38018)

000 -ლიდერი
ფიქსირებული სიგრძის საკონტროლო ველი 01735nam a2200253Ia 4500
001 - საკონტროლო ნომერი
საკონტროლო ველი 4003
003 - საკონტროლო ნომრის იდენტიფიკატორი
საკონტროლო ველი GE_BSU
005 - ბოლო ოპერაციის თარიღი და დრო
საკონტროლო ველი 20190827144114.0
008 - ფიქსირებული სიგრძის მონაცემთა ელემენტები - ზოგადი ინფორმაცია
ფიქსირებული სიგრძის საკონტროლო ველი 181216s1992||||ge |||||||||||||| ||geo||
040 ## - კატალოგიზაციის წყარო
Transcribing agency GE_BSU
041 ## - ენის კოდი
Language code of text/sound track or separate title geo
080 ## - უნივერსალური ათობითი კლასიფიკაციის ინდექსი
Universal Decimal Classification number 340.1(075.8) ს–32
245 ## - ცნობა სათაურის შესახებ
Title საქართველოს რესპუბლიკის სახელმწიფოსა და სამართლის საფუძვლები :
Remainder of title ნაწ. 3. : დამხმარე სახელმძღვანელო /
Statement of responsibility, etc ავტ.: ლ. ადეიშვილი, ზ. ახვლედიანი, რ. შენგელია და სხვა ; რედ.: გ. ინწკირველი.
264 ## - წარმოების, გამოცემის, დისტრიბუციის და სხვა ცნობები
გამოცემის, წარმოების, დისტრიბუციის... ადგილი თბ. :
გამოცემის, წარმოების, დისტრიბუციის... სახელწოდება განათლება,
გამოცემის, წარმოების, დისტრიბუციის... თარიღი 1992.
300 ## - ფიზიკური აღწერა
Extent 86 გვ. ;
Other physical details 21 სმ.
520 ## - SUMMARY, ETC.
Summary, etc წიგნში ზოგადად განხილულია სამართლის ცალკეული დარგების ძირითადი საკითხები შესაბამის კანონებში მომხდარი ცვლილებების გათვალისწინებით
653 ## - INDEX TERM--UNCONTROLLED
Uncontrolled term საქართველოს სახელმწიფოს თეორია
653 ## - INDEX TERM--UNCONTROLLED
Uncontrolled term ქართული სამართალი
700 ## - ADDED ENTRY--PERSONAL NAME
Personal name ადეიშვილი, ლ.
Relator term ავტორი
9 (RLIN) 3807
700 ## - ADDED ENTRY--PERSONAL NAME
Personal name ახვლედიანი, ზ.
Relator term ავტორი
9 (RLIN) 3808
700 ## - ADDED ENTRY--PERSONAL NAME
Personal name შენგელია, რ. და სხვ.
Relator term ავტორი
9 (RLIN) 3809
700 ## - ADDED ENTRY--PERSONAL NAME
Personal name ინწკირველი, გ.
Relator term რედაქტორი
9 (RLIN) 1293
942 ## - ADDED ENTRY ELEMENTS (KOHA)
Koha item type წიგნი
Source of classification or shelving scheme
ეგზემპლარები
ჩამოწერის სტატუსი დაკარგული ეგზემპლარის სტატუსი კლასიფიკაციის წყარო ან თაროზე გაწყობის სქემა დაზიანების სტატუსი არ გაიცემა მუდმივი მდებარეობა (დაცვის ადგილი) ამჟამინდელი ადგილსამყოფელი თაროზე განთავსების ადგილი შეძენის თარიღი ღირებულება, შესყიდვის ნორმალური ფასი სრული შენახვის შიფრი შტრიხკოდი ბოლო ოპერაციის თარიღი ეგზემპლარის მიმდევრობითი ნომერი (კეტერი?) ფასის ძალაში შესვლის თარიღი ეგზემპლარის სახეობა საჯარო შენიშვნა
          ბათუმის შოთა რუსთაველის სახელმწიფო უნივერსიტეტის მთავარი ბიბლიოთეკა ბათუმის შოთა რუსთაველის სახელმწიფო უნივერსიტეტის მთავარი ბიბლიოთეკა წიგნსაცავი 2018-12-17 2.00 340.1(075.8) ს–32 5542 2018-12-17 5542 2018-12-17 წიგნი 2 ლ.